| 000 -LEADER |
| fixed length control field |
00542nam a2200217Ia 4500 |
| 001 - CONTROL NUMBER |
| control field |
14277 |
| 003 - CONTROL NUMBER IDENTIFIER |
| control field |
GE_BSU |
| 008 - FIXED-LENGTH DATA ELEMENTS--GENERAL INFORMATION |
| fixed length control field |
181216s||||||||xx |||||||||||||| ||und|| |
| 040 ## - CATALOGING SOURCE |
| Transcribing agency |
GE_BSU |
| 080 ## - UNIVERSAL DECIMAL CLASSIFICATION NUMBER |
| Universal Decimal Classification number |
61 |
| 100 ## - MAIN ENTRY--PERSONAL NAME |
| Personal name |
Wheatley,Michael |
| 245 #2 - TITLE STATEMENT |
| Title |
A way of Living as a Means of Surival |
| 245 #3 - TITLE STATEMENT |
| Remainder of title |
An Enclopedia of natural Health |
| 260 ## - PUBLICATION, DISTRIBUTION, ETC. |
| Place of publication, distribution, etc. |
London |
| 260 ## - PUBLICATION, DISTRIBUTION, ETC. |
| Name of publisher, distributor, etc. |
Corgi books |
| 260 ## - PUBLICATION, DISTRIBUTION, ETC. |
| Date of publication, distribution, etc. |
1977 |
| 300 ## - PHYSICAL DESCRIPTION |
| Extent |
380p.18cm. |
| 653 ## - INDEX TERM--UNCONTROLLED |
| Uncontrolled term |
A way of Living as a Means of Surival |
| 653 ## - INDEX TERM--UNCONTROLLED |
| Uncontrolled term |
An Enclopedia of natural Health |
| 942 ## - ADDED ENTRY ELEMENTS (KOHA) |
| Koha item type |
წიგნი |